000 00777nam a22001937a 4500
005 20150427173240.0
010 _aB-593938
020 _a9788123019789
_c350.00
035 _aB-593938
037 _bUBH
082 _a954
245 _aIndia 2015:
_ccomplied by New Media Wing
_ba reference annual/
250 _a59thed.
260 _a Delhi
_bPublication Division
_c2015
270 _aMinistery of Information and Broadcasting, Government Of India,Soochna Bhawan,CGO Complex,Lodhi Road. City
_bNew Delhi
_e110003
300 _a1112 p.
_c23cm(pbk)
942 _2ddc
_cEN
_mIND
_h954
999 _c93177
_d93177